Politická ekonomie

Salvato in:
Dettagli Bibliografici
Natura: Periodico
Lingua:ceco
Pubblicazione: Praha Ekon. ústav ČSAV 1990
Soggetti:
Tags: Aggiungi Tag
Nessun Tag, puoi essere il primo ad aggiungerne!!

MARC

LEADER 00000nas2a2200000 4500
001 s006439
005 20180117152311.0
041 0 |a cze 
044 |a CZ 
245 1 0 |a Politická ekonomie 
264 1 |a Praha  |b Ekon. ústav ČSAV  |c 1990 
300 |a 2 zv. 
773 0 |w eu_un_cat*s120013 
610 2 0 |a ekonómia politická